000 00724nam a2200205Ia 4500
003 GCL
008 140319s9999 xx 000 0 ara d
040 _aGCL /
_cGCL
082 0 4 _a025.02
_bم م
100 1 _aمحمد فتحى عبدالهادى
245 1 0 _aالمعالجة الفنية لاوعية المعلومات :
_bالفهرسة - التصنيف - التكشيف - الضبط الاستنادى /
_cمحمد فتحى عبدالهادى
260 _aالقاهرة :
_bمكتبة غريب ،
_c1995
300 _a312 ص ؛
_c24 سم
490 _a
650 0 4 _aالتكشيف
650 0 4 _aالفهرسة
650 0 4 _aالتصنيف
650 0 4 _aالعمليات المكتبية
942 _2ddc
_cBK
999 _c42118
_d42118